000 00544nam a22002051a 4500
001 11869
003 OSt
005 20260204212300.0
008 140801s1989||||sp ||||||b||||||||||spa||
020 _a0822444259
082 _a372.7 T389a
100 _aThroop, Sarah
245 _aActividades preescolares: matemáticas / Sarah Thoop
250 _a7
264 _aBarcelona : CEAC
300 _a111 p
490 _a(Coleccion educacion y enseñanza, Serie preescolar)
650 _aMATEMATICAS - ENSEÑANZA ELEMENTALÌ
942 _2ddc
_cBK
999 _c11869
_d11869